000 00783nam a22002177a 4500
005 20250616133545.0
008 250616b |||||||| |||| 00| 0 eng d
020 _a978-81-976378-4-1 (pbk)
037 _cTB
040 _aCRL
_cCRL
041 _2pun
_apun
084 _aV73 153R4
_qCRL
100 _aਸਿੰਘ , ਸ. ਗ.
_9812929
245 _aਅਫਰੀਕਾ ਦੇ ਨੂਰਾਨੀ ਹੀਰੇ
260 _aਅੰਮ੍ਰਿਤਸਰ, ਭਾਰਤ:
_bਅਜ਼ਾਦ ਬੁੱਕ ਡਿਪੋ,
_c2024
300 _a191 ਪ.
365 _b395.00
_cINR
650 _2ਇਤਿਹਾਸ
942 _2CC
_cTB
_hV73 153R4
_n0
999 _c1431752
_d1431752